MODERN DISPENSING PHARMACY (Record no. 7319)

MARC details
000 -LEADER
fixed length control field 00308nam a2200133Ia 4500
008 - FIXED-LENGTH DATA ELEMENTS--GENERAL INFORMATION
fixed length control field 150301s2015 xx 000 0 und d
082 ## - DEWEY DECIMAL CLASSIFICATION NUMBER
Classification number 615.4
Item number M14J
100 ## - MAIN ENTRY--PERSONAL NAME
Personal name JAIN, N.K
245 ## - TITLE STATEMENT
Title MODERN DISPENSING PHARMACY
260 ## - PUBLICATION, DISTRIBUTION, ETC. (IMPRINT)
Name of publisher, distributor, etc. PHARMA MED PRESS
300 ## - PHYSICAL DESCRIPTION
Extent 358
650 ## - SUBJECT ADDED ENTRY--TOPICAL TERM
Topical term or geographic name as entry element PHARMACY
942 ## - ADDED ENTRY ELEMENTS (KOHA)
Source of classification or shelving scheme Dewey Decimal Classification
Koha item type Books
Koha issues (borrowed), all copies 6
Holdings
Withdrawn status Lost status Source of classification or shelving scheme Damaged status Not for loan Collection code Home library Current library Date acquired Source of acquisition Cost, normal purchase price SGTU Bill Number Total Checkouts Full call number Barcode Date last seen Date last checked out Bill Date Koha item type Shelving location
    Dewey Decimal Classification     PHARMACY SGT FA-FP Library SGT FA-FP Library 02/07/2015 ABC-DELHI 300.00 SGTU 5588 7 615.4 M14J FP1337 27/01/2025 13/01/2025 04/04/2015 Books  
    Dewey Decimal Classification     PHARMACY SGT FA-FP Library SGT FA-FP Library 02/07/2015 ABC-DELHI 300.00 SGTU 5588   615.4 M14J FP1338 02/07/2015   04/04/2015 Books  
    Dewey Decimal Classification     PHARMACY SGT FA-FP Library SGT FA-FP Library 02/07/2015 ABC-DELHI 300.00 SGTU 5588 2 615.4 M14J FP1339 23/01/2025 13/01/2025 04/04/2015 Books  
    Dewey Decimal Classification     PHARMACY SGT FA-FP Library SGT FA-FP Library 02/07/2015 ABC-DELHI 300.00 SGTU 5588   615.4 M14J FP1340 02/07/2015   04/04/2015 Books Reference Book